[Event "ROM-ch U18"]
[Site "Calimanesti Caciulata"]
[Date "2016.04.25"]
[Round "9"]
[White "Nastase, Robert Paul"]
[Black "Sirghi, Timotei"]
[Result "1/2-1/2"]
[WhiteElo "2215"]
[BlackElo "1710"]
[PlyCount "146"]
[EventDate "2016.04.18"]
[EventType "swiss"]
[EventRounds "9"]
[EventCountry "ROU"]
[SourceTitle "EXT 2017"]
[Source "ChessBase"]
[SourceDate "2016.10.25"]
[SourceVersion "1"]
[SourceVersionDate "2016.10.25"]
[SourceQuality "1"]

1. e4 c5 2. Nf3 d6 3. d4 cxd4 4. Nxd4 Nf6 5. Nc3 g6 6. Be3 Bg7 7. f3 0-0 8. Qd2 Nc6 9. 0-0-0 Nxd4 10. Bxd4 Be6 11. h4 Qa5 12. Kb1 Rfc8 13. a3 Rab8 14. Bxf6 Bxf6 15. Nd5 Qxd2 16. Nxf6+ Kg7 17. Nh5+ Kh6 18. Rxd2 Kxh5 19. g4+ Kh6 20. Bh3 Kg7 21. f4 Rc7 22. f5 Bd7 23. g5 Bc6 24. Re1 Re8 25. e5 dxe5 26. Rxe5 f6 27. Re6 Rd7 28. Kc1 Rxd2 29. Kxd2 Bd7 30. gxf6+ exf6 31. Rd6 Bc6 32. b4 Re5 33. c4 a6 34. fxg6 hxg6 35. Bd7 Bg2 36. Bc8 Re7 37. Be6 f5 38. h5 f4 39. Bd5 Bxd5 40. Rxg6+ Kf7 41. cxd5 Re5 42. Rb6 Rxd5+ 43. Ke2 Rxh5 44. Rxb7+ Ke8 45. a4 Rh6 46. Kf3 Rf6 47. Rc7 Kd8 48. Rc4 Kd7 49. Rxf4 Rc6 50. Ke3 Kc7 51. Kd3 Kb6 52. Kd4 Rc1 53. Rf6+ Kb7 54. Rf7+ Kc6 55. Rf6+ Kb7 56. Rf7+ Kb6 57. Kd5 Rd1+ 58. Kc4 Rc1+ 59. Kb3 Rb1+ 60. Kc2 Rh1 61. Rf3 Rg1 62. Kb3 Rg4 63. Kc3 Rh4 64. Rf6+ Kb7 65. Rd6 Rh1 66. a5 Rc1+ 67. Kd4 Rd1+ 68. Ke5 Re1+ 69. Kd5 Rd1+ 70. Ke6 Rc1 71. Rb6+ Ka7 72. Kd7 Rc4 73. Kd6 Rh4 1/2-1/2

[Event "ROM-ch U18"]
[Site "Calimanesti Caciulata"]
[Date "2016.04.19"]
[Round "2"]
[White "Sirghi, Timotei"]
[Black "Acsinte, Matei Ionut"]
[Result "0-1"]
[WhiteElo "1710"]
[BlackElo "2228"]
[PlyCount "30"]
[EventDate "2016.04.18"]
[EventType "swiss"]
[EventRounds "9"]
[EventCountry "ROU"]
[SourceTitle "CBM 172 Extra"]
[Source "ChessBase"]
[SourceDate "2016.06.21"]
[SourceVersion "1"]
[SourceVersionDate "2016.06.21"]
[SourceQuality "1"]

1. e4 e5 2. Nf3 d6 3. d4 exd4 4. Nxd4 Nf6 5. Nc3 a6 6. a4 c5 7. Nf3 Be7 8. Be2 h6 9. h3 Be6 10. Be3 Nbd7 11. 0-0 Rc8 12. Nd2 0-0 13. f4 d5 14. a5 d4 15. Na4 dxe3 0-1

[Event "Budapest Spring op"]
[Site "Budapest"]
[Date "2016.03.21"]
[Round "3"]
[White "Sirghi, Timotei"]
[Black "Almutairi, Nawaf"]
[Result "1-0"]
[WhiteElo "1659"]
[BlackElo "1346"]
[PlyCount "23"]
[EventDate "2016.03.18"]
[EventType "swiss"]
[EventRounds "9"]
[EventCountry "HUN"]
[SourceTitle "CBM 171 Extra"]
[Source "ChessBase"]
[SourceDate "2016.04.26"]
[SourceVersion "1"]
[SourceVersionDate "2016.04.26"]
[SourceQuality "1"]

1. e4 e5 2. f4 f6 3. f5 d5 4. Qh5+ Ke7 5. d3 Qe8 6. Qh4 Nc6 7. c3 d4 8. Be2 h5 9. Nf3 Kd8 10. cxd4 Bb4+ 11. Bd2 Bxd2+ 12. Nbxd2 1-0

[Event "Budapest Spring op"]
[Site "Budapest"]
[Date "2016.03.18"]
[Round "1"]
[White "Sirghi, Timotei"]
[Black "Fodor, Peter"]
[Result "0-1"]
[WhiteElo "1659"]
[BlackElo "2029"]
[PlyCount "62"]
[EventDate "2016.03.18"]
[EventType "swiss"]
[EventRounds "9"]
[EventCountry "HUN"]
[SourceTitle "CBM 171 Extra"]
[Source "ChessBase"]
[SourceDate "2016.04.26"]
[SourceVersion "1"]
[SourceVersionDate "2016.04.26"]
[SourceQuality "1"]

1. e4 c5 2. Nf3 d6 3. d4 cxd4 4. Nxd4 Nf6 5. Bd3 e5 6. Nb5 a6 7. N5a3 d5 8. exd5 e4 9. Qe2 Bxa3 10. Nxa3 0-0 11. Bc4 b5 12. Bb3 Bg4 13. Qd2 e3 14. fxe3 Ne4 15. Qd3 Qh4+ 16. g3 Nxg3 17. hxg3 Qxh1+ 18. Qf1 Qe4 19. Qf4 Qg6 20. c4 bxc4 21. Nxc4 Nd7 22. Bd2 Rae8 23. Kf2 Nc5 24. Kg2 Nd3 25. Qd4 Qf5 26. Be1 Qf3+ 27. Kh2 Qe2+ 28. Kg1 Bf3 29. Qxg7+ Kxg7 30. Bc3+ f6 31. Nd6 Qg2# 0-1

[Event "ROM-ch U18"]
[Site "Calimanesti"]
[Date "2015.04.05"]
[Round "8"]
[White "Oprita, George"]
[Black "Sirghi, Timotei"]
[Result "1-0"]
[WhiteElo "1718"]
[BlackElo "1671"]
[PlyCount "71"]
[EventDate "2015.03.30"]
[EventType "swiss"]
[EventRounds "9"]
[EventCountry "ROU"]
[SourceTitle "CBM 165 Extra"]
[Source "ChessBase"]
[SourceDate "2015.04.21"]
[SourceVersion "1"]
[SourceVersionDate "2015.04.21"]
[SourceQuality "1"]

1. d4 Nf6 2. c4 e5 3. e3 exd4 4. exd4 Bb4+ 5. Bd2 Bxd2+ 6. Nxd2 0-0 7. Ngf3 Re8+ 8. Be2 Qe7 9. Nf1 d5 10. Ne3 dxc4 11. 0-0 Ng4 12. Nxg4 Qxe2 13. Qxe2 Rxe2 14. Rfe1 Rxe1+ 15. Rxe1 Kf8 16. Ne3 Nc6 17. a4 Bd7 18. Nd5 Bg4 19. Nxc7 Rc8 20. Nb5 Bxf3 21. gxf3 a6 22. Nd6 Rd8 23. Nxb7 Rb8 24. Nc5 Rd8 25. Nxa6 Nxd4 26. Kg2 Nb3 27. Nb4 Ra8 28. Re4 Nd2 29. Rd4 Nb3 30. Rxc4 Rxa4 31. Rc8+ Ke7 32. Nd5+ Kd6 33. Nc3 Ra5 34. Rb8 Nd4 35. Rd8+ Kc5 36. Rd5+ 1-0

[Event "ROM-ch U16"]
[Site "Calimanesti"]
[Date "2014.04.13"]
[Round "9"]
[White "Badescu, Cristian"]
[Black "Sirghi, Timotei"]
[Result "1-0"]
[WhiteElo "1910"]
[BlackElo "1662"]
[PlyCount "27"]
[EventDate "2014.04.06"]
[EventType "swiss"]
[EventRounds "9"]
[EventCountry "ROU"]
[SourceTitle "CBM 160 Extra"]
[Source "ChessBase"]
[SourceDate "2014.07.01"]
[SourceVersion "1"]
[SourceVersionDate "2014.07.01"]
[SourceQuality "1"]

1. e4 e5 2. Nf3 d6 3. Bc4 c6 4. d4 d5 5. exd5 e4 6. Ne5 cxd5 7. Bb5+ Bd7 8. Nxd7 Nxd7 9. Nc3 Ngf6 10. 0-0 Be7 11. Bf4 0-0 12. h3 Re8 13. a3 a6 14. Ba4 1-0